Toward a better future : (Record no. 13569)

000 -LEADER
fixed length control field 00651cam a2200193 a 4500
020 ## - INTERNATIONAL STANDARD BOOK NUMBER
ISBN 9780821373750
040 ## - CATALOGING SOURCE
Transcribing agency DLC
082 00 - DEWEY DECIMAL CLASSIFICATION NUMBER
Classification number 370 NAT 2008 A011 Or.
245 00 - TITLE STATEMENT
Title Toward a better future :
Remainder of title education and training for economic development in Singapore since 1965 /
260 ## - PUBLICATION, DISTRIBUTION, ETC. (IMPRINT)
Place of publication Washington, D.C. :
Name of publisher World Bank ;
Place of publication Singapore :
Name of publisher National Institute of Education,
Year of publication c2008.
300 ## - PHYSICAL DESCRIPTION
Number of Pages xvi, 206 p. :
Other physical details ill., maps :
Dimensions 26 cm.
650 #0 - SUBJECT ADDED ENTRY--TOPICAL TERM
Topical Term Education
650 #0 - SUBJECT ADDED ENTRY--TOPICAL TERM
Topical Term Education
650 #0 - SUBJECT ADDED ENTRY--TOPICAL TERM
Topical Term Vocational education
650 #0 - SUBJECT ADDED ENTRY--TOPICAL TERM
Topical Term Singapore
700 1# - ADDED ENTRY--PERSONAL NAME
Personal name Lee, Sing-Kong.
856 41 - ELECTRONIC LOCATION AND ACCESS
Uniform Resource Identifier http://www.loc.gov/catdir/toc/ecip083/2007043612.html
942 ## - ADDED ENTRY ELEMENTS (KOHA)
Koha item type សៀវភៅភាសាអង់គ្លេស
952 ## - LOCATION AND ITEM INFORMATION (KOHA)
Withdrawn status [LOCAL, KOHA] 0
Holdings
Permanent Location Date acquired Koha item type Lost status Shelving location Barcode Current Location Full call number
Library Block A2017-08-28សៀវភៅភាសាអង់គ្លេស A011A21960Library Block A370 NAT 2008 A011 Or.
មជ្ឈមណ្ឌលឯការនៃសាកលវិទ្យាល័យភូមិន្ទកសិកម្មចំការដូង

Powered by Koha